Deepwoken Oaths - Statistics

General Stats
  • This quiz has been taken 257 times
  • The average score is 8 of 16
Answer Stats
Answer % Correct
Oathless
82%
Jetstriker
67%
Blindseer
63%
Contractor
63%
Dawnwalker
61%
Arcwarder
56%
Visionshaper
54%
Silentheart
51%
Bladeharper
48%
Starkindred
47%
Chainwarden
44%
Saintsworn
40%
Fadetrimmer
38%
Linkstrider
36%
Saltchemist
35%
Soulbreaker
34%
No matching quizzes found
Score Distribution
Percent of People with Each Score
Percentile by Number Answered
Your Score History
You have not taken this quiz